Ảnh hưởng của thức ăn và giá thể trong quá trình ương hàu Crassostrea iredalei giai đoạn ấu trùng và giai đoạn giống : Luận văn tốt nghiệp cao học. Ngành nuôi trồng thuỷ sản

Nghiên cứu ảnh hưởng của các loại thức ăn đến tỉ lệ sống và chuyển giai đoạn và phát triển của ấu trùng hàu trong trại giống. Nghiên cứu ảnh hưởng của các loại thức ăn đến sự tăng trưởng và tỉ lệ sống của hàu giống trong trại giốn...

Cur síos iomlán

Đã lưu trong:
Sonraí Bibleagrafaíochta
Príomhúdar: Nguyễn, Kiều Diễm
Formáid: Leabhar
Teanga:Undetermined
Foilsithe: Cần Thơ Trường Đại học Cần Thơ 2011
Ábhair:
Clibeanna: Cuir Clib Leis
Gan Chlibeanna, Bí ar an gcéad duine leis an taifead seo a chlibeáil!
Thư viện lưu trữ: Trung tâm Học liệu Trường Đại học Cần Thơ
LEADER 01415nam a2200217Ia 4500
001 CTU_171046
008 210402s9999 xx 000 0 und d
082 |a 639.484 
082 |b D304 
088 |a 606270 
100 |a Nguyễn, Kiều Diễm 
245 0 |a Ảnh hưởng của thức ăn và giá thể trong quá trình ương hàu Crassostrea iredalei giai đoạn ấu trùng và giai đoạn giống : 
245 0 |b Luận văn tốt nghiệp cao học. Ngành nuôi trồng thuỷ sản 
245 0 |c Nguyễn Kiều Diễm ; Ngô Thị Thu Thảo (Cán bộ hướng dẫn) 
260 |a Cần Thơ 
260 |b Trường Đại học Cần Thơ 
260 |c 2011 
520 |a Nghiên cứu ảnh hưởng của các loại thức ăn đến tỉ lệ sống và chuyển giai đoạn và phát triển của ấu trùng hàu trong trại giống. Nghiên cứu ảnh hưởng của các loại thức ăn đến sự tăng trưởng và tỉ lệ sống của hàu giống trong trại giống. Nghiên cứu ảnh hưởng của các loại giá thể đến khả năng bám của ấu trùng hàu ngoài tự nhiên. 
650 |a Oyster-culture,Nuôi Hàu 
904 |i Mỹ Trân, Năm 
980 |a Trung tâm Học liệu Trường Đại học Cần Thơ